000 00956nas a2200313 4500
001 BR0306117
003 BR-BrBNA
005 20231205104218.0
007 ta
008 230509b bl.|||p| |||| 00| 00por d
040 _aBR-BrBNA
_bpor
_cBiblioteca Nacional de Agricultura
041 _a(Pt)
072 _aF03
100 1 _aSales, J. de F.
100 1 _aAlvarenga, A.A. de
100 1 _aOliveira, J.A. de
100 1 _aNogueira, F.D.
100 1 _aRezende, L.C.
100 1 _aSilva, F.G.
245 1 _aGerminação de sementes de café (Coffea arabica L.)submetidas a diferentes concentrações e tempos de embebição em celulase
650 _aCAFÉ
650 _aSEMENTE
650 _aCELULASE
650 _aGERMINAÇÃO
650 _aMINAS GERAIS
773 0 _tCiência e Agrotecnologia (Brazil)
_xISSN 1413-7054
_g(May-Jun 2003), v. 27(3) p. 557-564
_wBR0306117
909 _a202311
_bLúcia
_c55
_dLúcia Elande
942 _2AGRIS
_n0
_cANA
999 _c176967
_d176967